| 000 | 01321nam a2200313 i 4500 | ||
|---|---|---|---|
| 001 | 77748 | ||
| 003 | ES-MaACL | ||
| 005 | 20250804062643.0 | ||
| 007 | t| | ||
| 008 | 041105s2000 pr ||||1| spa d | ||
| 020 | _a0-8477-3650-4 | ||
| 080 | _a821.134.2(729.5)-31"19" | ||
| 100 | 1 |
_aEulate, Carmela, _d1871-1961 _eaut _948325 |
|
| 245 | 1 | 3 |
_aLa muñeca / _cCarmela Eulate Sanjurjo ; estudio crítico y notas por Ángel M. Aguirre ; esquema biográfico y bibliografía de Carmela Eulate Santos Silva ; prefacio a la edición de "La muñeca" de 1895 por Manuel Zeno Gandía. |
| 250 | _a2ª reimp. | ||
| 260 |
_aSan Juan de Puerto Rico : _bUniversidad de Puerto Rico ; Instituto de Cultura Puertorriqueña, _c2000. |
||
| 300 |
_a143 páginas ; _c21 cm. |
||
| 490 | 1 |
_aColección puertorriqueña ; _v1 |
|
| 655 | 0 |
_aNovelas _9234319 |
|
| 700 | 1 |
_aAguirre, Ángel M. _epbl _918808 |
|
| 700 | 1 |
_aEulate Santos Silva, Carmela _eclb _9103535 |
|
| 700 | 1 |
_aZeno Gandía, Manuel, _d1855-1930 _eaui _9118184 |
|
| 710 | 2 |
_aInstituto de Cultura Puertorriqueña. _eedt _94858 |
|
| 830 | 0 |
_aColección puertorriqueña ; _v1 _9183563 |
|
| 852 |
_aES-MaACL _bR.134496 _cDEPO2 _hDonativo Ateneo Puertorriqueño _jE-10270 |
||
| 942 |
_2udc _cMONOGRAFIA _n0 |
||
| 999 |
_c77748 _d77748 |
||